[Event "zonal 1.9"]
[Site "Donetsk UKR"]
[Date "1998.11.??"]
[Round "1"]
[White "Nosenko, Olexandr"]
[Black "Shneider, Alexander"]
[Result "1/2-1/2"]
[WhiteElo "2425"]
[BlackElo "2540"]
[PlyCount "120"]
[EventDate "1998.11.02"]

1. d4 Nf6 2. Nf3 e6 3. c4 b6 4. Nc3 Bb4 5. Qc2 Bb7 6. a3 Bxc3+ 7. Qxc3 d6 8. b4
Nbd7 9. Bb2 a5 10. e3 Ne4 11. Qb3 axb4 12. axb4 Rxa1+ 13. Bxa1 O-O 14. Be2 f5
15. Bb2 Ndf6 16. O-O Qe7 17. Qc2 Ra8 18. Ne1 Ng4 19. h3 Ngf6 20. Nd3 Qe8 21.
Kh2 Ng5 22. f3 Nf7 23. Re1 e5 24. dxe5 dxe5 25. Nf2 Qe6 26. c5 Bd5 27. e4 fxe4
28. fxe4 Bb3 29. Qc3 h5 30. cxb6 cxb6 31. Bf3 Ra2 32. Ra1 Rxa1 33. Bxa1 Bc4 34.
Nd1 b5 35. Ne3 Qa6 36. Bb2 g6 37. Nxc4 bxc4 38. Be2 Nxe4 39. Qxc4 Qxc4 40. Bxc4
Ned6 41. Bd5 Kf8 42. Kg3 Ke7 43. Kf3 Ng5+ 44. Ke2 Kf6 45. Bc6 Ne6 46. Kd3 Nf4+
47. Kc2 Ke6 48. b5 Nd5 49. Ba3 Nc4 50. Bc5 e4 51. g3 g5 52. Kd1 Ke5 53. Ke1 h4
54. gxh4 gxh4 55. Ba7 e3 56. Bxd5 Kxd5 57. Ke2 Nd6 58. b6 Kc6 59. Kxe3 Nc4+ 60.
Kf4 Nxb6 1/2-1/2

[Event "zonal 1.9"]
[Site "Donetsk UKR"]
[Date "1998.11.??"]
[Round "1"]
[White "Kopylov, Mikhail"]
[Black "Brodsky, Mikhail"]
[Result "1/2-1/2"]
[WhiteElo "2385"]
[BlackElo "2525"]
[PlyCount "29"]
[EventDate "1998.11.02"]

1. d4 Nf6 2. c4 e6 3. g3 d5 4. Bg2 dxc4 5. Nf3 Nc6 6. Qa4 Bb4+ 7. Bd2 Nd5 8.
Bxb4 Ndxb4 9. O-O Rb8 10. Nc3 Bd7 11. Qb5 Nc2 12. Rac1 N2xd4 13. Nxd4 Nxd4 14.
Qxc4 Nc6 15. Rfd1 1/2-1/2

[Event "zonal 1.9"]
[Site "Donetsk UKR"]
[Date "1998.11.??"]
[Round "4"]
[White "Brodsky, Mikhail"]
[Black "Milov, Leonid"]
[Result "1/2-1/2"]
[WhiteElo "2525"]
[BlackElo "2490"]
[PlyCount "32"]
[EventDate "1998.11.02"]

1. e4 c5 2. Nf3 e6 3. c3 d5 4. exd5 exd5 5. d4 Nc6 6. Bb5 Bd6 7. dxc5 Bxc5 8.
O-O Nge7 9. Nbd2 O-O 10. Nb3 Bb6 11. Re1 Nf5 12. Bd3 Bc7 13. Bg5 f6 14. Bc1 Qd6
15. g3 Bb6 16. Bf4 Qd7 1/2-1/2

[Event "zonal 1.9"]
[Site "Donetsk UKR"]
[Date "1998.11.??"]
[Round "8"]
[White "Romanishin, Oleg"]
[Black "Maximenko, Andrei"]
[Result "1/2-1/2"]
[WhiteElo "2600"]
[BlackElo "2500"]
[PlyCount "102"]
[EventDate "1998.11.02"]

1. Nf3 d5 2. g3 c6 3. Bg2 Bg4 4. c4 Nd7 5. cxd5 cxd5 6. Qa4 Ngf6 7. Nc3 Bxf3 8.
Bxf3 e6 9. O-O a6 10. d4 Be7 11. e4 b5 12. Qb3 b4 13. Nxd5 exd5 14. e5 O-O 15.
exf6 Nxf6 16. Re1 a5 17. Bf4 Qd7 18. Rac1 Rfc8 19. Qd3 h6 20. h4 a4 21. Kg2 a3
22. b3 Rxc1 23. Rxc1 Rc8 24. Rxc8+ Qxc8 25. Qb5 Qe6 26. Be5 Bd6 27. Bxf6 Qxf6
28. Qxd5 g6 29. h5 gxh5 30. Bxh5 Bf8 31. Bf3 Qd6 32. Qc4 Kg7 33. Bd5 Qg6 34.
Qc7 Qf5 35. Bf3 Qf6 36. Qd7 Qe6 37. Qc7 Qf6 38. Qc4 Qf5 39. Qe2 Bd6 40. Qa6 Qf6
41. Qc4 Kf8 42. Be4 Kg7 43. Bd5 Qe7 44. Qd3 Qf6 45. Bc4 Bc7 46. Qd2 Qc6+ 47.
Kg1 Qd6 48. Qe3 Bb6 49. Qf3 Qf6 50. Qg4+ Kf8 51. Qc8+ Kg7 1/2-1/2